Moha La Squale- Ma belle - Statistiques

Statistiques générales
  • Ce quiz a été pris 27 fois
  • Le résultat moyen est 162 sur 287
Statistiques - réponses
Réponse % Correct
la
95%
belle
90%
ma
90%
m'a
90%
tu
90%
a
85%
à
85%
que
85%
de
80%
qui
80%
si
80%
ce
75%
c'est
75%
c’est
75%
toi
75%
7up
70%
lui
70%
dit
65%
non
65%
raconte
65%
savais
65%
un
65%
comme
60%
fait
60%
grec
60%
mais
60%
mi
60%
on
60%
putain
60%
rue
60%
souvenir
60%
squale
60%
t'avais
60%
vu
60%
amor
55%
deux
55%
du
55%
mal
55%
mon
55%
muerte
55%
pas
55%
y'a
55%
coeur
50%
l'aimes
50%
m'appelle
50%
m’appelle
50%
nous
50%
sauvé
50%
soir
50%
en
45%
s'envenime
45%
aujourd'hui
40%
elle
40%
les
40%
personne
40%
roule
40%
s'était
40%
souvenirs
40%
tendu
40%
trop
40%
amour
35%
ça
35%
dans
35%
des
35%
d'nanani
35%
moi
35%
nanana
35%
pêche
35%
perche
35%
porsche
35%
temps
35%
tes
35%
t'es
35%
zéro
35%
apache
30%
bien
30%
et
30%
j'ai
30%
oh
30%
poches
30%
pris
30%
qu’est
30%
seul
30%
ton
30%
fais
25%
gardent
25%
j'avais
25%
là-bas
25%
larmes
25%
par
25%
piche
25%
pour
25%
racontes
25%
son
25%
Aladin
20%
allô
20%
baladé
20%
donner
20%
être
20%
l'amour
20%
l'année
20%
lol
20%
mère
20%
pachas
20%
prête
20%
repêcha
20%
ses
20%
sous
20%
bout
15%
c'qu'elle
15%
était
15%
frérots
15%
j'disparais
15%
j'l'ai
15%
j'peux
15%
j'suis
15%
l'abus
15%
oulala
15%
parler
15%
t'fait
15%
toute
15%
vers
15%
connectés
10%
l'abîmes
10%
per-cho
5%
s'noie
5%
Aucun quiz correspondant
Distribution des résultats
% des personnes avec chaque résultat
Percentile par nombre de réponses
Votre historique - résultats
Vous n’avez pas pris ce quiz